মারণাস্ত্রের অর্থে মানব কল্যাণ / (Record no. 11495)
[ view plain ]
| 000 -LEADER | |
|---|---|
| fixed length control field | 00770nam a2200229 a 4500 |
| 001 - CONTROL NUMBER | |
| JCCL Control Number | 11495 |
| 003 - CONTROL NUMBER IDENTIFIER | |
| JCCL marc code | BD-JhCC |
| 005 - DATE AND TIME OF LATEST TRANSACTION | |
| control field | 20191019095528.0 |
| 008 - FIXED-LENGTH DATA ELEMENTS--GENERAL INFORMATION | |
| fixed length control field | 190603b 2007bg a|||| ||a| 000 0 Mul d |
| 020 ## - INTERNATIONAL STANDARD BOOK NUMBER | |
| International Standard Book Number | 9844126649 |
| 035 ## - SYSTEM CONTROL NUMBER | |
| system control number | (BD-JhCC)11495 |
| 040 ## - CATALOGING SOURCE | |
| Original cataloging agency | BD-JhCC |
| Modifying agency | BD-JhCC |
| 041 ## - LANGUAGE CODE | |
| Language code of Book | mul |
| 082 ## - DEWEY DECIMAL CLASSIFICATION NUMBER | |
| Author mark and Year | PIN 2007 |
| Classification number | 809.04 |
| 100 ## - MAIN ENTRY--PERSONAL NAME | |
| Personal name | পিন্টু, শরিফিজ্জামান |
| 245 ## - TITLE STATEMENT | |
| Title | মারণাস্ত্রের অর্থে মানব কল্যাণ / |
| Statement of responsibility, etc | শরিফিজ্জামান পিন্টু । |
| 260 ## - PUBLICATION, DISTRIBUTION, ETC. (IMPRINT) | |
| Place of publication, distribution, etc | ঢাকা: |
| Name of publisher, distributor, etc | অনন্যা; |
| Date of publication, distribution, etc | ২০০৭. |
| 300 ## - PHYSICAL DESCRIPTION | |
| Pagination | ১২৭ পৃ. : |
| Other physical details | ill; |
| Dimensions | ২২ সেমি. |
| 650 ## - SUBJECT ADDED ENTRY--TOPICAL TERM | |
| Topical term or geographic name as entry element | Nobel prize finance |
| 942 ## - ADDED ENTRY ELEMENTS (KOHA) | |
| Source of classification or shelving scheme | Dewey Decimal Classification |
| Koha item type | Books |
| Source of classification or shelving scheme | Damaged status | Not for loan | Home library | Current library | Shelving location | Date of accession | Cost, normal purchase price | Total Checkouts | Full call number | Barcode | Date last seen | Copy number | Koha item type |
|---|---|---|---|---|---|---|---|---|---|---|---|---|---|
| Dewey Decimal Classification | JCC Rouf Library | JCC Rouf Library | General Stacks | 06/24/2019 | 140.00 | 809.04 PIN 2007 | 11798 | 10/03/2019 | C-1 | Books |